Statistics for Countries that have Controlled Hispaniola

Click here to take the quiz!

General Stats

  • This quiz has been taken 113 times
  • The average score is 4 of 5

Answer Stats

YearsAnswer% Correct
1492 - 1795Spain
97%
1625 - 1809France
95%
1804 -Haiti
95%
1844 -Dominican Republic
91%
1821 - 1822Spanish Haiti
5%

Score Distribution

Percentile by Number Answered

Percent of People with Each Score

Your Score History

You have not taken this quiz